000 00727cam a22002174a 4500
020 _a0821361112 (pbk.)
020 _a9780821361115 (pbk.)
040 _cDLC
082 0 0 _a363 INT 2006 A073 Or.
245 0 0 _aApproaches to private participation in water services :
_ba toolkit /
260 _aWashington, DC :
_bInternational Bank for Reconstruction and Development/World Bank,
_cc2006.
300 _axxvi, 313 p. :
_bill., map ;
_c24 cm. +
_e1 CD-ROM (4 3/4 in.)
650 0 _aWater-supply
650 0 _aWater-supply
650 0 _aSanitation
650 0 _aSanitation
650 0 _aPublic-private sector cooperation
710 2 _aPublic-Private Infrastructure Advisory Facility.
710 2 _aWorld Bank.
942 _cEK
999 _c15075
_d15075